Simulation in the design of digital electronic systems / (Record no. 26743)
[ view plain ]
| 000 -LEADER | |
|---|---|
| fixed length control field | 01045cam a22002775a 4500 |
| 001 - CONTROL NUMBER | |
| control field | 4887534 |
| 005 - DATE AND TIME OF LATEST TRANSACTION | |
| control field | 20180517122737.0 |
| 008 - FIXED-LENGTH DATA ELEMENTS--GENERAL INFORMATION | |
| fixed length control field | 930218s1993 enka frb 001 0 eng d |
| 020 ## - INTERNATIONAL STANDARD BOOK NUMBER | |
| International Standard Book Number | 9780521426725 |
| 020 ## - INTERNATIONAL STANDARD BOOK NUMBER | |
| International Standard Book Number | 0521426723 |
| 040 ## - CATALOGING SOURCE | |
| Original cataloging agency | DLC |
| Transcribing agency | DLC |
| Modifying agency | DLC |
| -- | EG-ScBUE |
| Language of cataloging | eng |
| 082 04 - DEWEY DECIMAL CLASSIFICATION NUMBER | |
| Classification number | 621.3815 |
| Edition number | 22 |
| Item number | GOS |
| 100 1# - MAIN ENTRY--PERSONAL NAME | |
| Personal name | Gosling, J. B. |
| Fuller form of name | (John B.) |
| 245 10 - TITLE STATEMENT | |
| Title | Simulation in the design of digital electronic systems / |
| Statement of responsibility, etc | John B. Gosling. |
| 260 ## - PUBLICATION, DISTRIBUTION, ETC. (IMPRINT) | |
| Place of publication, distribution, etc | Cambridge ; |
| -- | New York : |
| Name of publisher, distributor, etc | Cambridge University Press, |
| Date of publication, distribution, etc | 1993. |
| 300 ## - PHYSICAL DESCRIPTION | |
| Extent | xv, 273 p. : |
| Other physical details | ill. ; |
| Dimensions | 23 cm. |
| 504 ## - BIBLIOGRAPHY, ETC. NOTE | |
| Bibliography, etc | Includes bibliographical references and index. |
| 650 #7 - SUBJECT ADDED ENTRY--TOPICAL TERM | |
| Topical term or geographic name as entry element | Digital electronics. |
| Source of heading or term | BUEsh |
| 9 (RLIN) | 10844 |
| 650 #7 - SUBJECT ADDED ENTRY--TOPICAL TERM | |
| Topical term or geographic name as entry element | Electronic circuit design |
| General subdivision | Data processing. |
| Source of heading or term | BUEsh |
| 9 (RLIN) | 23385 |
| 650 #7 - SUBJECT ADDED ENTRY--TOPICAL TERM | |
| Topical term or geographic name as entry element | Computer-aided design. |
| Source of heading or term | BUEsh |
| 9 (RLIN) | 3588 |
| 651 ## - SUBJECT ADDED ENTRY--GEOGRAPHIC NAME | |
| Source of heading or term | BUEsh |
| 653 ## - INDEX TERM--UNCONTROLLED | |
| Resource For college | Engineering, General |
| Arrived date list | May2018 |
| 856 42 - ELECTRONIC LOCATION AND ACCESS | |
| Materials specified | Publisher description |
| Uniform Resource Identifier | <a href="http://www.loc.gov/catdir/description/cam025/93014882.html">http://www.loc.gov/catdir/description/cam025/93014882.html</a> |
| 856 41 - ELECTRONIC LOCATION AND ACCESS | |
| Materials specified | Table of contents |
| Uniform Resource Identifier | <a href="http://www.loc.gov/catdir/toc/cam027/93014882.html">http://www.loc.gov/catdir/toc/cam027/93014882.html</a> |
| 942 ## - ADDED ENTRY ELEMENTS (KOHA) | |
| Source of classification or shelving scheme | Dewey Decimal Classification |
| Withdrawn status | Item status | Source of classification or shelving scheme | Damaged status | Not for loan | Home library | Current library | Shelving location | Date acquired | Total Checkouts | Full call number | Barcode | Date last seen | Koha item type |
|---|---|---|---|---|---|---|---|---|---|---|---|---|---|
| Dewey Decimal Classification | Central Library | Central Library | First floor | 17/05/2018 | 621.3815 GOS | 000047791 | 15/07/2025 | Book - Borrowing |